Shrinking Cities in New Jersey - Statistics

General Stats
  • This quiz has been taken 14 times
  • The average score is 3 of 12
Answer Stats
Population Growth Rate (%) City % Correct
38,497 -2.7 Atlantic City
100%
71,791 -6.8 Camden
91%
27,491 -3.3 Millville
36%
14,711 -0.4 Hammonton
27%
11,229 -4.1 Ocean City
27%
15,188 -5.9 Asbury Park
9%
10,859 -1.7 Beachwood
9%
14,362 -5.2 Hopatcong
9%
12,748 -0.0 Oakland
9%
10,469 -3.1 Somers Point
9%
10,143 -0.4 Hillsdale
0%
11,735 -4.4 Ringwood
0%
No matching quizzes found
Score Distribution
Percent of People with Each Score
Percentile by Number Answered
Your Score History
You have not taken this quiz